000 00468nam a2200193Ia 4500
003 GCL
008 140319s9999 xx 000 0 eng d
040 _aGCL /
_cGCL
082 0 4 _a745.928
_bW F
100 1 _aWESTLAND, PAMELA
245 1 0 _aFRAGRANT CRAFTS /
_cWESTLAND, PAMELA
260 _a[S.N] :
_bTHE APPLE PRESS ،
_c1993
300 _a80 P
650 0 4 _aARTS
650 0 4 _aDECORATION
650 0 4 _aPLANT - DRIED
650 0 4 _aHANDWORKS
942 _2ddc
_cBK
999 _c21017
_d21017